000 01081naa a2200277 c 4500
001 35069
003 ES-MaCES
005 20141221114135.0
008 050816n2005 sp t 000 | spa d
035 _aCES20050005533v
040 _aES-MaCES
_bspa
_cES-MaCES
100 1 _aRecolons Arquer, Lluís
_921823
245 1 4 _aLas migraciones exteriores en la evolución de la población de España, 1950-2004 = External migrations in the recent. Evolution of the population in Spain
_cLluís Recolons Arquer
500 _aResumen en castellano e inglés
504 _aBibliografía: p. 87-89
650 4 _aEspaña
_926964
650 4 _afuentes estadísticas
_929537
650 4 _ademografía
_928502
650 4 _amigración internacional
_929805
650 4 _amigración
_928635
653 1 0 _aEstadísticas demográficas-Población-Movimientos migratorios
773 0 _tMigraciones
_gn. 17 (jun. 2005){55/963 R. 061501}; p. 45-89
_w(ES-MaCES)25925
_977830
902 _aART Artículo de revista
942 _2CES
_cAR
_h8.1.
999 _c35069
_d35069